| 000 | 00709cam a2200253 a 4500 | ||
|---|---|---|---|
| 001 | 000008080 | ||
| 005 | 20200929154426.0 | ||
| 008 | 820325s1990 sp 000 f spa d | ||
| 020 | _a8420480002 | ||
| 040 |
_aDO-SdBNP _dBNPHU |
||
| 082 |
_a863.64 _bM562c, 1990 |
||
| 100 | 1 |
_aMerino, José María, _d1941- _94124 |
|
| 245 | 1 | 3 |
_aEl caldero de oro / _cJosé María Merino. |
| 250 | _a4a ed. | ||
| 260 |
_aMadrid : _bAlfaguara, _c1990. |
||
| 300 |
_a196 p. ; _c22 cm. |
||
| 490 | 1 |
_aAlfaguara hispánica _v3 |
|
| 650 | 4 |
_aNovela española _91123 |
|
| 650 | 4 |
_aLiteratura española _9632 |
|
| 830 | 0 |
_aAlfaguara hispánica ; _v3 _94764 |
|
| 910 | _aCatalogación derivada | ||
| 910 | _aWM | ||
| 049 | _aBNGR | ||
| 999 |
_c7857 _d7857 |
||